[Event "Challenge"]
[Site "http://www.queenalice.com/game.php?id=1856159"]
[Date "2025.4.26"]
[Round "-"]
[White "dejami"]
[Black "Leanne"]
[Result "1-0"]
[WhiteElo "1672"]
[BlackElo "1283"]

1. e4 e6 2. f4 d5 3. e5 Nc6 4. c3 d4 5. Nf3 dxc3 6. bxc3 Be7 7. h4 f6 8. d4 fxe5
9. fxe5 Qd5 10. Nbd2 Bd7 11. Bc4 Qa5 12. Nb3 Qa4 13. Nfd2 1-0

[Event "Challenge"]
[Site "http://www.queenalice.com/game.php?id=1856165"]
[Date "2025.4.26"]
[Round "-"]
[White "Piondanslevent"]
[Black "dejami"]
[Result "0-1"]
[WhiteElo "1458"]
[BlackElo "1693"]

1. d4 e6 2. e4 c5 3. Nf3 a6 4. e5 Qa5+ 5. c3 c4 6. Bxc4 b5 7. Bb3 h6 8. Bd2 Nc6
9. c4 Qb6 10. c5 Qd8 11. O-O g5 12. a3 Nge7 13. Nxg5 hxg5 14. Bxg5 Qc7 15. a4
Nf5 16. axb5 Ncxd4 17. f4 Qxc5 18. Rf2 Ne3 19. Qd3 Nxb3 20. Ra3 Ng4 21. Qf3 Nxf2
22. Qxf2 Qc1+ 23. Qf1 Bc5+ 0-1

[Event "Challenge"]
[Site "http://www.queenalice.com/game.php?id=1856167"]
[Date "2025.4.26"]
[Round "-"]
[White "Rocio"]
[Black "dejami"]
[Result "0-1"]
[WhiteElo "1461"]
[BlackElo "1701"]

1. e4 e5 2. Nf3 f6 3. Bc4 Nh6 4. h3 a6 5. Nc3 b5 6. Bd5 c6 7. Bb3 a5 8. a4 b4 9.
Ne2 Na6 10. d3 Nf7 11. Bd2 Ng5 12. Nh4 Nf7 13. Nf5 d6 14. O-O g6 15. Nh4 g5 16.
Nf3 h5 17. Be3 f5 18. exf5 Bxf5 19. d4 e4 20. Nd2 g4 21. Ng3 gxh3 22. Nxf5 Qd7
23. Nh4 hxg2 24. Kxg2 Rg8+ 25. Kh2 Be7 26. Ng2 d5 27. Qxh5 Rh8 28. Bh6 Rxh6 29.
Qh4 Bxh4 30. Rh1 Bxf2+ 31. Nh4 Rxh4+ 32. Kg2 Rf4 33. Kf1 Qg4 34. Rh2 Qg1+ 35.
Ke2 Qxh2 36. Rf1 Qh5+ 37. Nf3 Qxf3+ 38. Kd2 Be3+ 39. Ke1 Qxf1# 0-1

[Event "Challenge"]
[Site "http://www.queenalice.com/game.php?id=1856168"]
[Date "2025.4.26"]
[Round "-"]
[White "dejami"]
[Black "Rocio"]
[Result "1-0"]
[WhiteElo "1680"]
[BlackElo "1463"]

1. e4 e5 2. Bc4 Nh6 3. g4 Qf6 4. d3 a6 5. g5 Qg6 6. gxh6 gxh6 7. Qf3 d5 8. Bxd5
Ra7 9. Ne2 Bb4+ 10. c3 Bc5 11. Rg1 Qb6 12. Qxf7+ Kd8 13. d4 Be7 14. Rg7 Re8 15.
dxe5 Qc5 16. b4 Qb6 17. Nd4 c6 18. Bc4 Nd7 19. Ne6# 1-0

[Event "Challenge"]
[Site "http://www.queenalice.com/game.php?id=1856171"]
[Date "2025.4.26"]
[Round "-"]
[White "tche_elvio"]
[Black "dejami"]
[Result "0-1"]
[WhiteElo "1547"]
[BlackElo "1682"]

1. e4 e5 2. Nf3 Qf6 3. Be2 h5 4. h3 g5 5. d4 d6 6. dxe5 dxe5 7. Nc3 c6 8. O-O g4
9. Bg5 Qd6 10. Qxd6 Bxd6 11. hxg4 hxg4 12. Nh4 f6 13. Bxf6 Nxf6 14. g3 Bc5 15.
Kg2 Nbd7 16. Nf5 b5 17. Bd3 Nh7 18. a3 Ng5 19. b4 Nf8 20. bxc5 Nd7 21. Nd6+ Kd8
22. Nxc8 Kxc8 23. Ne2 Nf3 24. c4 Rh2# 0-1

[Event "Challenge"]
[Site "http://www.queenalice.com/game.php?id=1856172"]
[Date "2025.4.26"]
[Round "-"]
[White "dejami"]
[Black "tche_elvio"]
[Result "1-0"]
[WhiteElo "1718"]
[BlackElo "1460"]

1. e4 c5 2. Qf3 Nc6 3. Bc4 e6 4. c3 d6 5. Bb5 Qf6 6. Qd1 Bd7 7. Bc4 e5 8. h4
O-O-O 9. Nf3 Nge7 10. d4 exd4 11. cxd4 Nxd4 12. Nc3 Nxf3+ 13. gxf3 a6 14. Bg5
Qd4 15. Be2 Qxd1+ 16. Bxd1 f6 17. Bf4 Nc6 18. Na4 Kc7 19. Nxc5 b5 20. a4 Kb6 21.
Nd3 Ne5 22. Nb4 bxa4 23. Nd5+ Ka7 24. Be3+ Kb8 25. Be2 Bb5 26. Kd2 Nc4+ 27. Bxc4
Bxc4 28. Bb6 Rd7 29. Rxa4 Bxd5 30. exd5 Kb7 31. Bd4 Be7 32. Rb4+ Kc8 33. Rc1+
Rc7 34. Ra1 h5 35. Rxa6 Kd7 36. f4 Rg8 37. Ke3 g5 38. f5 gxh4 39. Ra1 Rg5 40.
Ke4 Rg4+ 41. Kf3 Ke8 42. Rb8+ Kf7 43. Be3 h3 44. Rh1 Rh4 45. Kg3 Rg4+ 46. Kxh3
Rd7 47. Rh8 Kg7 48. Rxh5 Rb7 49. Kxg4 Rb4+ 50. Kg3 Rxb2 51. Rh7+ Kf8 52. Rh8+
Kf7 53. R1h7# 1-0

[Event "Challenge"]
[Site "http://www.queenalice.com/game.php?id=1858096"]
[Date "2025.5.31"]
[Round "-"]
[White "nicholasmorassutti"]
[Black "dejami"]
[Result "0-1"]
[WhiteElo "1629"]
[BlackElo "1697"]

1. e4 e5 2. Nf3 f6 3. d4 Nc6 4. d5 Nce7 5. Bc4 d6 6. O-O g5 7. c3 Bg4 8. h3 Bh5
9. g4 Bg6 10. Be3 Bxe4 11. Nfd2 Bg6 12. Na3 a6 13. Qa4+ b5 14. Qd1 bxc4 15.
Naxc4 Nxd5 16. Qa4+ Kf7 17. Qc6 Nde7 18. Qf3 h6 19. b4 Qc8 20. Na5 d5 21. Bc5 e4
22. Qe3 Qe6 23. Rae1 h5 24. gxh5 Rxh5 25. f4 g4 26. hxg4 Qxg4+ 27. Kf2 Rh2# 0-1

[Event "Challenge"]
[Site "http://www.queenalice.com/game.php?id=1858097"]
[Date "2025.5.31"]
[Round "-"]
[White "dejami"]
[Black "nicholasmorassutti"]
[Result "1-0"]
[WhiteElo "1737"]
[BlackElo "1642"]

1. e4 e5 2. Bc4 Bc5 3. d3 h6 4. Qf3 Qf6 5. Qe2 Ne7 6. Nf3 d6 7. h4 Bg4 8. Nbd2
a6 9. Qf1 Nbc6 10. Nh2 Nd4 11. Nxg4 Qg6 12. f3 Nxc2+ 13. Kd1 Nxa1 14. h5 Qh7 15.
b3 O-O-O 16. Bxf7 Nc6 17. Bb2 Nxb3 18. Nxb3 Rhf8 19. Bg6 Qg8 20. g3 Nb4 21. Qh3
Kb8 22. Qf1 Nxa2 23. Na5 Bb4 24. Nc4 b5 25. Nce3 Bc3 26. Kc2 Bd4 27. Bxd4 exd4
28. Nd5 c6 29. Ne7 Nb4+ 30. Kd2 Qa2+ 31. Ke1 Nc2+ 32. Kd1 Ne3+ 33. Nxe3 dxe3 34.
Qe1 Rxf3 35. Nxc6+ Kc7 36. Nd4 Qa4+ 37. Nc2 Qb3 38. Qa5+ Kd7 39. Bf5+ Ke8 40.
Bg6+ Ke7 41. Qc7+ Ke6 42. Bf5+ Kf6 43. Qxd8+ Kf7 44. Bg6+ Ke6 45. Qe8+ Kf6 46.
Qf8+ Kg5 47. Qxf3 Qxd3+ 48. Kc1 Qd2+ 49. Kb2 e2 50. Qf5# 1-0

[Event "Challenge"]
[Site "http://www.queenalice.com/game.php?id=1858098"]
[Date "2025.5.31"]
[Round "-"]
[White "Piondanslevent"]
[Black "dejami"]
[Result "0-1"]
[WhiteElo "1543"]
[BlackElo "1700"]

1. d4 e6 2. e4 c6 3. b3 a6 4. Bb2 b5 5. Nf3 Nh6 6. c4 Qa5+ 7. Bc3 Qc7 8. Be2 b4
9. Bb2 f6 10. O-O g5 11. g3 Nf7 12. a3 Nd6 13. e5 Nf7 14. c5 f5 15. axb4 g4 16.
Nfd2 Ng5 17. Nc4 Nh3+ 18. Kg2 h5 19. Nb6 Qb7 20. Nc3 h4 21. b5 Ng5 22. gxh4 Rxh4
23. Rh1 cxb5+ 24. Kg1 Nh3+ 25. Kf1 Qxh1# 0-1

[Event "Challenge"]
[Site "http://www.queenalice.com/game.php?id=1858099"]
[Date "2025.5.31"]
[Round "-"]
[White "dejami"]
[Black "Piondanslevent"]
[Result "0-1"]
[WhiteElo "1723"]
[BlackElo "1463"]

1. e4 e5 2. Bc4 Nf6 3. f3 d6 4. g4 d5 5. exd5 Nxd5 6. c3 Bc5 7. Ne2 O-O 8. d3 c6
9. d4 exd4 10. cxd4 Bb6 11. Bb3 a5 12. Ng3 Re8+ 13. Kf2 Be6 14. Ne4 Nd7 15. Nd6
Qf6 16. Kg3 Bxg4 17. Nxe8 Rxe8 18. Kxg4 Qxd4+ 19. Kg3 Qf2+ 20. Kg4 Ne5+ 21. Kh3
Nxf3 22. Kg4 Re4+ 23. Kf5 Re5+ 24. Kg4 Qg2# 0-1